| 000 | 00524nam a2200193Ia 4500 | ||
|---|---|---|---|
| 003 | OSt | ||
| 005 | 20191224094254.0 | ||
| 008 | 190216s9999||||xx |||||||||||||| ||und|| | ||
| 020 | _a9781403936226 | ||
| 040 | _coclc | ||
| 082 |
_a339 _bMAN/M |
||
| 100 |
_aMankiw, N Gregory _9458 |
||
| 245 | 0 |
_aMacroeconomics / _c N Gregory Mankiw |
|
| 250 | _a5th ed. | ||
| 260 |
_bMacmillan Publishers, _c2004. _aNew York: |
||
| 300 | _a548p | ||
| 650 | _aEconomics | ||
| 942 |
_cBK _2ddc _h339 _iMAN/M _k339 _mMAN/M |
||
| 999 |
_c10787 _d10787 |
||